000 00829nam a2200253Ia 4500
003 OSt
005 20220930093824.0
006 a|||||r|||| 00| 0
007 ta
008 220926b |||||||| |||| 00| 0 eng d
024 _a62651
037 _cTheses
040 _aCRL
_cCRL
_beng
041 _2eng
_aeng
100 _aMann Neha Au.
_9553397
110 _aUniversity of Delhi. Faculty of Science. Department of Botany
245 0 _aReproductive attributes,population genetic studies and detectionof cyclotides in selected species of viola L. from Uttarakhand
260 _c2018
300 _aviii,287p.
_ap.
_ccm.
700 _a Uniyal P.L. Gu.
_9550643
700 _aUniversity of Delhi. Faculty of Science. Department of Botany
942 _cDIS
_2CC
999 _c886048
_d886048